YouTuber Quiz Stats

Quiz not verified by Sporcle

Challenge
Share
Tweet
Embed
Score 0/15 Timer 03:00
0 Plays Today
Hint Answer % Correct
Who is the brother of Zoella?Joe Sugg
81.3%
What is Dan Howell's best friend called?Phil Lester
62.5%
Who wrote the book Binge?Tyler Oakley
62.5%
What is the shipped name for Jim Chapman and Tanya Burr?Janya
62.5%
What is the YouTube name for Tal Fishman?Reaction Time
50%
Name a Carlin Brother.Ben
50%
Real Name of Paint?Jon Cozart
43.8%
Name a Fine Brother.Benny
43.8%
Hint Answer % Correct
What is Markipliers last name?Fischbach
37.5%
What is the Saccone-Joly's son called?Eduardo
37.5%
What did Alfie Deyes' limited edition hats have on them?Sorry about my hair
31.3%
What is the third book in the Girl Online Series?Girl Online going solo
31.3%
What is JackSepticEyes parents dog called?Gizmo
31.3%
Who was on Saturday Night Takeaway?Alfie Deyes
31.3%
Who is the arch enemy of Dil Howlter?Erica
31.3%

You're not logged in!

Compare scores with friends on all Sporcle quizzes.
Sign Up with Email
OR
Log In

You Might Also Like...

Show Comments

Extras

Top Quizzes Today


Score Distribution

Your Account Isn't Verified!

In order to create a playlist on Sporcle, you need to verify the email address you used during registration. Go to your Sporcle Settings to finish the process.